Animal General Knowledge #2 - Statistics

General Stats
  • This quiz has been taken 425 times
  • The average score is 8 of 15
Answer Stats
Hint Answer % Correct
The tallest land animal Giraffe
99%
Looks like a horse with stripes Zebra
99%
What pandas mainly eat Bamboo
96%
The largest species of bear Polar Bear
93%
A bird that symbolizes peace Dove
91%
This mammal has a duck bill and webbed feet Platypus
84%
Also known as the caribou Reindeer
56%
_________ man o' war Portuguese
50%
Stereotypically known to jump off of cliffs Lemming
39%
Classic enemy of the above animal Walrus
37%
The fastest swimming fish Black Marlin
28%
This species of penguin is named for its unique "eyebrows" Macaroni Penguin
23%
The apex predator of the island of Madagascar Fossa
22%
This species of lizard shoots blood out of its eyes to defend itself Texas Horned Lizard
14%
Coral is made of colonies of this tiny animal Polyps
12%
No matching quizzes found
Score Distribution
Percent of People with Each Score
Percentile by Number Answered
Your Score History
You have not taken this quiz